| 000 | 00555nam a22001937a 4500 | ||
|---|---|---|---|
| 008 | 150925b xxu||||| |||| 00| 0 eng d | ||
| 020 | _a81439038338 (student ed.) | ||
| 020 | _a1439038333 (student ed.) | ||
| 041 | 0 | _aeng | |
| 080 | _a336 | ||
| 100 | 1 | _aMadura, Jeff. | |
| 245 | 1 | 0 |
_aInternational financial management / _cJeff Madura. |
| 250 | _a10th ed. | ||
| 260 |
_aAustralia ; _aMason, OH : _bCengage Learning, _c2010. |
||
| 300 |
_axxxi, 709 f. : _bme il.; _c26 cm. |
||
| 650 | 0 | _aFinanca ndërkombëtare | |
| 650 | 0 | _aMenaxhim | |
| 942 |
_2udc _cBK |
||
| 999 |
_c1177 _d1177 |
||